Music Quiz

Random Music or Play Quiz

Sort Artists by Peak Chart Position (00s, Odd Yrs) III Quiz Stats

Quiz not verified by Sporcle

Challenge
Share
Tweet
Score 0/20 Timer 06:00
0 Plays Today
% Correct
Avril Lavigne
94.5%
Rob Thomas
92.7%
112
85.5%
Chingy
83.6%
Girlfriend
83.6%
Kid Cudi
81.8%
Lonely No More
81.8%
Peaches and Cream
80%
Right Thurr
78.2%
#1
76.4%
% Correct
Day 'N Nite
72.7%
5-05-2007
72.7%
5-09-2009
70.9%
8-09-2003
69.1%
5-21-2005
65.5%
#6
60%
7-07-2001
52.7%
#2
50.9%
#4
50.9%
#3
47.3%

You're not logged in!

Compare scores with friends on all Sporcle quizzes.
Join for Free
OR
Log In

You Might Also Like...

Show Comments

Extras

Top Quizzes Today


Score Distribution

Your Account Isn't Verified!

In order to create a playlist on Sporcle, you need to verify the email address you used during registration. Go to your Sporcle Settings to finish the process.

Report this User

Report this user for behavior that violates our Community Guidelines.

Details: